00286pab a2200121 454500008004000000100002400040245003400064260000900098300001300107362000800120650002000128773001600148180718b2006 xxu||||| |||| 00| 0 eng d aOjha, Rabindra Nath aNational rural health mission c2006 ap.29-31. aJun aHealth services aKurukshetra